00573nam a22001817a 450000500170000001000480001702000260006503500130009103500170010403700170012103700130013808200160015124501040016726000390027127000410031030000200035170000200037120180612130518.0 a1718EN-30 ENG-115293 B-688534-500 a9789351865261c400.00 aEN-98825 aB-688534-500 bPrabhatadpl bDBAD/PUB a320.9540905 aRedefining governance :bessays on one year of Narendra Modi govermant /cedited by Anirban Ganguly aNew DelhibPrabhat Prakashanc2015 a4/19,Asaf Ali RoadbNew Delhie11002 a296p.c22cm(Hb) aGanguly,Anirban